000 00693nam a2200253Ia 4500
003 OSt
005 20220928101724.0
006 a|||||r|||| 00| 0
007 ta
008 220927b |||||||| |||| 00| 0 eng d
020 _c175
024 _a107597
037 _b253, 08/03/2010, Granthlok
_cTextual
040 _aSDCL
_cSDCL
_beng
041 _2eng
_aeng
082 _aO33,2N54x, P9
100 _aShivprakash H S
_9394255
245 0 _aNataktrayi
260 _aDelhi
_bYash Publications
_c2009
300 _a116p.
_ccm.
650 _aHindi
_9391598
942 _hO33,2N54x, P9
_cTEXL
_2CC
999 _c709806
_d709806